MARC details
| 000 -LEADER |
| campo de control de longitud fija |
02282nam a2200409 i 4500 |
| 001 - NÚMERO DE CONTROL |
| campo de control |
193382 |
| 003 - IDENTIFICADOR DE NÚMERO DE CONTROL |
| campo de control |
SpMaBN |
| 005 - FECHA Y HORA DE LA ÚLTIMA TRANSACCIÓN |
| campo de control |
20250712063140.0 |
| 007 - CAMPO FIJO DE DESCRIPCIÓN FÍSICA--INFORMACIÓN GENERAL |
| campo de control de longitud fija |
ta |
| 008 - DATOS DE LONGITUD FIJA--INFORMACIÓN GENERAL |
| campo de control de longitud fija |
221121s2021 sp | |||| 000 f spa |
| 017 ## - NÚMERO DE COPYRIGHT O DE DEPÓSITO LEGAL |
| Número de copyright o de depósito legal |
M 26813-2021 |
| Agencia que asigna |
Oficina Depósito Legal Madrid |
| 020 ## - NÚMERO INTERNACIONAL ESTÁNDAR DEL LIBRO |
| Número Internacional Estándar del Libro |
9788412178135 |
| 035 ## - NÚMERO DE CONTROL DEL SISTEMA |
| Número de control de sistema |
a7191870 |
| 040 ## - FUENTE DE CATALOGACIÓN |
| Centro catalogador/agencia de origen |
SpMaBN |
| Lengua de catalogación |
spa |
| Centro/agencia transcriptor |
SpMaBN |
| Normas de descripción |
rda |
| 080 ## - NÚMERO DE LA CLASIFICACIÓN DECIMAL UNIVERSAL |
| Número de la Clasificación Decimal Universal |
821.134.2-31"19" |
| 100 1# - ENTRADA PRINCIPAL--NOMBRE DE PERSONA |
| Nombre de persona |
Bilbao, Daniel, |
| Fechas asociadas al nombre |
1960- |
| Relación |
aut |
| 9 (RLIN) |
234543 |
| Término indicativo de función/relación |
Autor |
| 245 13 - MENCIÓN DEL TÍTULO |
| Título |
El caballo regalado / |
| Mención de responsabilidad, etc. |
Daniel Bilbao |
| 246 ## - FORMA VARIANTE DEL TITULO |
| Título propio/Titulo breve |
Las crónicas de Güilliam de Canford |
| 264 #1 - PRODUCCIÓN, PUBLICACIÓN, DISTRIBUCIÓN, FABRICACIÓN Y COPYRIGHT |
| Producción, publicación, distribución, fabricación y copyright |
Madrid : |
| Nombre del de productor, editor, distribuidor, fabricante |
Mong, |
| Fecha de producción, publicación, distribución, fabricación o copyright |
2021 |
| 300 ## - DESCRIPCIÓN FÍSICA |
| Extensión |
155 páginas ; |
| Dimensiones |
23 cm |
| 336 ## - TIPO DE CONTENIDO |
| Término de tipo de contenido |
Texto |
| Fuente |
rdacontent |
| 337 ## - TIPO DE MEDIO |
| Nombre/término del tipo de medio |
sin mediación |
| Fuente |
rdamedia |
| 338 ## - TIPO DE SOPORTE |
| Nombre/término del tipo de soporte |
volumen |
| Fuente |
rdacarrier |
| 490 0# - MENCIÓN DE SERIE |
| Mención de serie |
Las crónicas de Güilliam de Canford, el arquero siniestro sindedos |
| Designación de volumen o secuencia |
(tercera crónica-Medina de Pomar) |
| 500 ## - NOTA GENERAL |
| Nota general |
En cub.: "Una novela negra de la Edad Media" |
| 500 ## - NOTA GENERAL |
| Nota general |
Tercer libro de la saga Las crónicas de Güilliam de Canford |
| 520 ## - RESUMEN, ETC. |
| Sumario, etc. |
La llegada del arquero sin dedos a Medina de Pomar en plenas fiestas patronales coincide con dos asesinatos truculentos. Mientras que su desvergonzada acompañante, María la Gatusa, acapara el protagonismo, nuestro héroe involuntario tiene que lidiar con las tiranteces entre los gremios de una villa medieval, una carrera de caballos sin amañar, un cerdo que cree poder volar, un gigante que nadie ha visto por suponerlo invisible y un artillero mercenario con extravagantes conceptos sobre las leyes físicas.<br/><br/>Con grandes dosis de humor negro y una bien administrada brutalidad consigue resolver un misterio oculto en unas circunstancias al filo del surrealismo. |
| 655 #7 - TERMINO DE INDIZACIÓN--GENERO/FORMA |
| Datos o término principal de género/forma |
Novelas históricas |
| Fuente del término |
tgfbne |
| 9 (RLIN) |
226782 |
| 655 #7 - TERMINO DE INDIZACIÓN--GENERO/FORMA |
| Datos o término principal de género/forma |
Novelas negras |
| Fuente del término |
tgfbne |
| 9 (RLIN) |
226784 |
| 852 ## - LOCALIZACIÓN |
| Ubicación |
ES-MaACL |
| Sublocalización o colección |
R. 154759 |
| Ubicación en estantería |
Depósito J |
| Número de control de estantería |
N-9538 |
| itemnumber |
200828 |
| Donativo/Legado |
Donación: Daniel Bilbao |
| Anotaciones manuscritas |
Dedicatoria autógrafa del autor |
| Encuadernación |
Encuadernación rústica con solapas |
| 903 ## - NOMBRE PERSONAL DE DONANTE |
| 9 |
234543 |
| a |
Bilbao, Daniel, |
| d |
1960- |
| e |
Donante |
| 942 ## - ELEMENTOS DE ENTRADA SECUNDARIOS (KOHA) |
| Suprimir en OPAC |
No |
| Tipo de ítem Koha |
Libro impreso |